[Event "SRB-chT 2nd League"]
[Site "Novi Sad"]
[Date "2023.11.03"]
[Round "2.3"]
[White "Grujic, Zoran"]
[Black "Stankovic, Milos M"]
[Result "1/2-1/2"]
[WhiteElo "2315"]
[BlackElo "2249"]
[PlyCount "65"]
[EventDate "2023.11.02"]
[EventType "team-tourn"]
[EventRounds "11"]
[EventCountry "SRB"]
[SourceTitle "CB46_2023"]
[SourceDate "2023.11.15"]
[SourceVersion "1"]
[SourceVersionDate "2023.11.15"]
[SourceQuality "1"]
[WhiteTeam "Novi Sad Vojvodina"]
[BlackTeam "Dec"]
[WhiteTeamCountry "SRB"]
[BlackTeamCountry "SRB"]

1. Nf3 g6 2. c4 f5 3. d4 Nf6 4. g3 Bg7 5. Bg2 0-0 6. 0-0 d6 7. Nc3 Na6 8. b3 c6 9. Bb2 Qc7 10. d5 e5 11. dxe6 Bxe6 12. Nd4 Bf7 13. e3 Rad8 14. Rc1 Nc5 15. Qe2 Qe7 16. Rfd1 Nfe4 17. b4 Nxc3 18. Bxc3 Ne4 19. Bb2 d5 20. c5 a6 21. Qc2 Be8 22. Re1 h5 23. h4 Be5 24. Nf3 Bc7 25. Qd3 Kh7 26. Re2 Bd7 27. a3 Rde8 28. Qd4 Rg8 29. Rcc2 Bb8 30. Re1 Bc7 31. Ree2 Bb8 32. Re1 Bc7 33. Ree2 1/2-1/2

[Event "Vojvodina-chT 21st"]
[Site "Backa Palanka"]
[Date "2021.10.25"]
[Round "4.4"]
[White "Grujic, Zoran"]
[Black "Nagy, Attila N"]
[Result "1/2-1/2"]
[WhiteElo "2323"]
[BlackElo "2206"]
[PlyCount "20"]
[EventDate "2021.10.23"]
[EventType "team-tourn"]
[EventRounds "11"]
[EventCountry "SRB"]
[SourceTitle "CBM 204 Extra"]
[Source "ChessBase"]
[SourceDate "2021.11.30"]
[SourceVersion "1"]
[SourceVersionDate "2021.11.30"]
[SourceQuality "1"]
[WhiteTeam "Novi Sad Vojvodina"]
[BlackTeam "Senta"]
[WhiteTeamCountry "SRB"]
[BlackTeamCountry "SRB"]

1. c4 c5 2. Nf3 Nf6 3. Nc3 d5 4. cxd5 Nxd5 5. d4 Nxc3 6. bxc3 g6 7. Bf4 Bg7 8. e3 0-0 9. Be2 Qa5 10. Qd2 Nc6 1/2-1/2

[Event "Vojvodina-chT 2nd League"]
[Site "Backa Palanka"]
[Date "2020.10.23"]
[Round "11.3"]
[White "Grujic, Zoran"]
[Black "Andrejevic, Milorad"]
[Result "1/2-1/2"]
[WhiteElo "2319"]
[BlackElo "2224"]
[PlyCount "49"]
[EventDate "2020.10.16"]
[EventType "team-tourn"]
[EventRounds "11"]
[EventCountry "SRB"]
[SourceTitle "EXT 2022"]
[Source "ChessBase"]
[SourceDate "2021.10.06"]
[SourceVersion "1"]
[SourceVersionDate "2021.10.06"]
[SourceQuality "1"]
[WhiteTeam "Novi Sad Vojvodina"]
[BlackTeam "Starcevo Borac"]
[WhiteTeamCountry "SRB"]
[BlackTeamCountry "SRB"]

1. Nf3 Nf6 2. c4 c5 3. Nc3 Nc6 4. d4 cxd4 5. Nxd4 d6 6. e4 g6 7. Be2 Bg7 8. Be3 0-0 9. 0-0 Bd7 10. Qd2 Nxd4 11. Bxd4 Bc6 12. f3 a5 13. b3 Nd7 14. Be3 Nc5 15. Rab1 Qb8 16. Rfc1 Rc8 17. Rc2 Ne6 18. a3 b6 19. b4 axb4 20. axb4 Ra3 21. Bf2 Qa7 22. Nd5 Bxd5 23. exd5 Nf8 24. g3 Nd7 25. Kg2 1/2-1/2

[Event "Vojvodina-chT 2nd League"]
[Site "Novi Sad"]
[Date "2018.11.16"]
[Round "11.2"]
[White "Grujic, Zoran"]
[Black "Gajcin, Marina"]
[Result "1/2-1/2"]
[WhiteElo "2329"]
[BlackElo "2161"]
[PlyCount "23"]
[EventDate "2018.11.09"]
[EventType "team-tourn"]
[EventRounds "11"]
[EventCountry "SRB"]
[SourceTitle "CBM 187 Extra"]
[Source "ChessBase"]
[SourceDate "2018.11.04"]
[SourceVersion "1"]
[SourceVersionDate "2018.11.04"]
[SourceQuality "1"]
[WhiteTeam "Novi Sad Vojvodina"]
[BlackTeam "Sombor"]
[WhiteTeamCountry "SRB"]
[BlackTeamCountry "SRB"]

1. c4 c5 2. Nc3 Nc6 3. g3 g6 4. Bg2 Bg7 5. Nf3 e6 6. 0-0 Nge7 7. d3 d6 8. a3 a5 9. Rb1 0-0 10. Bd2 Nd4 11. b4 axb4 12. axb4 1/2-1/2

[Event "Vojvodina-chT"]
[Site "Novi Sad"]
[Date "2017.11.14"]
[Round "2.2"]
[White "Grujic, Zoran"]
[Black "Farkas, Tibor"]
[Result "1/2-1/2"]
[WhiteElo "2330"]
[BlackElo "2315"]
[PlyCount "24"]
[EventDate "2017.11.13"]
[EventType "team-tourn"]
[EventRounds "11"]
[EventCountry "SRB"]
[SourceTitle "CBM 181 Extra"]
[Source "ChessBase"]
[SourceDate "2017.12.12"]
[SourceVersion "1"]
[SourceVersionDate "2017.12.12"]
[SourceQuality "1"]
[WhiteTeam "Novi Sad Vojvodina"]
[BlackTeam "Pacir Backa"]
[WhiteTeamCountry "SRB"]
[BlackTeamCountry "SRB"]

1. e4 c5 2. Nf3 d6 3. d4 cxd4 4. Nxd4 Nf6 5. Nc3 a6 6. f3 Qb6 7. Nb3 e6 8. Qe2 Nc6 9. Be3 Qc7 10. g4 Be7 11. g5 Nd7 12. 0-0-0 b5 1/2-1/2

[Event "Vojvodina-chT"]
[Site "Novi Sad"]
[Date "2015.11.12"]
[Round "3.2"]
[White "Ratkovic, Miloje"]
[Black "Grujic, Zoran"]
[Result "1/2-1/2"]
[WhiteElo "2388"]
[BlackElo "2323"]
[PlyCount "132"]
[EventDate "2015.11.10"]
[EventType "team-tourn"]
[EventRounds "9"]
[EventCountry "SRB"]
[SourceTitle "CBM 169 Extra"]
[Source "ChessBase"]
[SourceDate "2015.12.18"]
[SourceVersion "1"]
[SourceVersionDate "2015.12.18"]
[SourceQuality "1"]
[WhiteTeam "Elemir Naftagas"]
[BlackTeam "Novi Sad Vojvodina"]
[WhiteTeamCountry "SRB"]
[BlackTeamCountry "SRB"]

1. d4 Nf6 2. Nf3 g6 3. Nbd2 d5 4. e3 Bg7 5. b4 0-0 6. Bb2 c6 7. c4 a5 8. b5 cxb5 9. cxb5 a4 10. Bd3 Qb6 11. Ba3 Re8 12. 0-0 Bf5 13. Bxf5 gxf5 14. Qc2 e6 15. Rfc1 Qxb5 16. Rab1 Qa6 17. Qc7 b5 18. h3 Ra7 19. Qf4 Rb7 20. Ne5 Nbd7 21. Nd3 Ne4 22. Nxe4 fxe4 23. Nb4 Qb6 24. Nc6 Nf8 25. Bb4 Ng6 26. Qg3 h5 27. Qg5 h4 28. Qh5 Rc8 29. Ne7+ Nxe7 30. Bxe7 Rc4 31. Rxc4 dxc4 32. Qxh4 Qc6 33. Bc5 Qd5 34. a3 c3 35. Rc1 e5 36. Rxc3 Rc7 37. Qg4 Rc6 38. Rc1 exd4 39. exd4 Rg6 40. Qe2 f5 41. Qxb5 e3 42. f3 Kh7 43. Qe2 f4 44. Rd1 Bf6 45. Bb4 Bh4 46. g4 fxg3 47. Qxe3 g2 48. Qe4 Qh5 49. Rc1 Bg3 50. h4 Qh6 51. Rb1 Bf4 52. Re1 Qxh4 53. Qe7+ Qxe7 54. Rxe7+ Kh6 55. Re1 Kh5 56. d5 Kh4 57. Re4 Kg3 58. d6 Kxf3 59. Rxf4+ Kxf4 60. d7 Rg8 61. Be7 Ke4 62. d8Q Rxd8 63. Bxd8 Kd5 64. Kxg2 Kc6 65. Kf3 Kb7 66. Ke4 Ka8 1/2-1/2

[Event "Vojvodina-chT"]
[Site "Novi Sad"]
[Date "2015.11.10"]
[Round "1.2"]
[White "Tancik, Kristijan"]
[Black "Grujic, Zoran"]
[Result "1/2-1/2"]
[WhiteElo "2272"]
[BlackElo "2323"]
[PlyCount "43"]
[EventDate "2015.11.10"]
[EventType "team-tourn"]
[EventRounds "9"]
[EventCountry "SRB"]
[SourceTitle "CBM 169 Extra"]
[Source "ChessBase"]
[SourceDate "2015.12.18"]
[SourceVersion "1"]
[SourceVersionDate "2015.12.18"]
[SourceQuality "1"]
[WhiteTeam "Sombor"]
[BlackTeam "Novi Sad Vojvodina"]
[WhiteTeamCountry "SRB"]
[BlackTeamCountry "SRB"]

1. d4 Nf6 2. c4 g6 3. Nc3 Bg7 4. e4 d6 5. Be2 0-0 6. Bg5 a6 7. Nf3 Nbd7 8. Qd2 e5 9. 0-0 c6 10. Rad1 Qb6 11. Rfe1 Re8 12. Bf1 Qa5 13. a3 exd4 14. Nxd4 Ng4 15. Nc2 Qb6 16. Ne3 Nc5 17. Nxg4 Bxg4 18. Rb1 Qc7 19. f3 Be6 20. Be3 Rad8 21. b4 Nd7 22. Rbc1 1/2-1/2

[Event "Vojvodina-chT"]
[Site "Kac"]
[Date "2014.11.09"]
[Round "2"]
[White "Grujic, Zoran"]
[Black "Ratkovic, Miloje"]
[Result "1/2-1/2"]
[WhiteElo "2322"]
[BlackElo "2376"]
[PlyCount "62"]
[EventDate "2014.11.08"]
[EventType "team-tourn"]
[EventRounds "11"]
[EventCountry "SRB"]
[SourceTitle "EXT 2016"]
[Source "ChessBase"]
[SourceDate "2015.10.08"]
[SourceVersion "1"]
[SourceVersionDate "2015.10.08"]
[SourceQuality "1"]

1. Nf3 Nf6 2. c4 b6 3. g3 Bb7 4. Bg2 g6 5. 0-0 Bg7 6. Nc3 0-0 7. Re1 d6 8. e4 e5 9. d4 Nbd7 10. h3 a5 11. Rb1 Re8 12. d5 Nc5 13. b3 Bc8 14. a3 Bd7 15. b4 axb4 16. axb4 Na4 17. Bd2 Nxc3 18. Bxc3 Qc8 19. Kh2 c6 20. Qb3 cxd5 21. cxd5 Bb5 22. Nd2 Bh6 23. Qb2 Re7 24. Ra1 Rxa1 25. Rxa1 Rc7 26. Ra3 Nd7 27. Qa1 Kg7 28. Ra8 Qb7 29. Ra3 f6 30. Kg1 Kf7 31. h4 Ke7 1/2-1/2

[Event "Vojvodina-chT 2nd League"]
[Site "Stari Banovci"]
[Date "2013.11.10"]
[Round "10"]
[White "Petakov, Uros"]
[Black "Grujic, Zoran"]
[Result "1/2-1/2"]
[WhiteElo "2348"]
[BlackElo "2322"]
[PlyCount "77"]
[EventDate "2013.11.03"]
[EventType "team-tourn"]
[EventRounds "11"]
[EventCountry "SRB"]
[SourceTitle "EXT 2015"]
[Source "ChessBase"]
[SourceDate "2014.11.20"]
[SourceVersion "1"]
[SourceVersionDate "2014.11.20"]
[SourceQuality "1"]

1. d4 Nf6 2. Nf3 g6 3. g3 Bg7 4. Bg2 0-0 5. 0-0 d6 6. Re1 Nbd7 7. e4 e5 8. dxe5 dxe5 9. Nbd2 b6 10. b3 Nc5 11. Bb2 Nfd7 12. a4 a5 13. Nc4 Qe7 14. Ne3 c6 15. Nc4 Rd8 16. Qd6 Qxd6 17. Nxd6 Ba6 18. Rad1 f6 19. Bh3 Bf8 20. Ba3 Rab8 21. b4 axb4 22. Bxb4 Be7 23. Bxd7 Rxd7 24. Nf5 gxf5 25. Rxd7 Nxd7 26. Bxe7 fxe4 27. Rxe4 c5 28. Nh4 Kf7 29. Bd6 Rc8 30. Nf5 Ke6 31. g4 Bb7 32. Re3 Ra8 33. c3 Rxa4 34. Bc7 Ba6 35. Re1 Ra2 36. Rd1 Bb5 37. c4 Ba4 38. Rd6+ Kf7 39. Bxb6 1/2-1/2

[Event "Vojvodina-ch 2nd"]
[Site "Novi Sad"]
[Date "2011.07.26"]
[Round "4"]
[White "Ratkovic, Milovan"]
[Black "Grujic, Zoran"]
[Result "1-0"]
[WhiteElo "2146"]
[BlackElo "2339"]
[PlyCount "69"]
[EventDate "2011.07.24"]
[EventType "swiss"]
[EventRounds "9"]
[EventCountry "SRB"]
[SourceTitle "CBM 143 Extra"]
[Source "ChessBase"]
[SourceDate "2011.08.29"]
[SourceVersion "1"]
[SourceVersionDate "2011.08.29"]
[SourceQuality "1"]

1. d4 Nf6 2. Nf3 g6 3. Nc3 d5 4. Bf4 Bg7 5. e3 0-0 6. Be2 Bg4 7. Ne5 Bxe2 8. Qxe2 c6 9. h4 Nfd7 10. h5 Nxe5 11. dxe5 Nd7 12. hxg6 fxg6 13. Qg4 Rf5 14. Qh3 Nf8 15. g4 Rxe5 16. Bxe5 Bxe5 17. e4 Qa5 18. 0-0-0 d4 19. Ne2 Qxa2 20. Qb3+ Qxb3 21. cxb3 Ne6 22. Kc2 Rf8 23. f4 Nxf4 24. Nxd4 Ng2 25. Ne6 Rf2+ 26. Kc1 Kf7 27. Ng5+ Kf6 28. Nh3 Rxb2 29. Rhf1+ Kg7 30. Ng5 Ne3 31. Ne6+ Kh6 32. Rh1+ Rh2 33. Rxh2+ Bxh2 34. Rd3 Bg1 35. Kd2 1-0

[Event "SRB-chT 1st League"]
[Site "Kragujevac"]
[Date "2009.09.09"]
[Round "8"]
[White "Ostojic, Nikola"]
[Black "Grujic, Zoran"]
[Result "1/2-1/2"]
[WhiteElo "2412"]
[BlackElo "2347"]
[PlyCount "47"]
[EventDate "2009.09.01"]
[EventType "team-tourn"]
[EventRounds "11"]
[EventCountry "YUG"]
[SourceTitle "CBM 132 Extra"]
[Source "ChessBase"]
[SourceDate "2009.11.03"]
[SourceVersion "1"]
[SourceVersionDate "2009.11.03"]
[SourceQuality "1"]

1. d4 Nf6 2. c4 g6 3. Nc3 Bg7 4. e4 d6 5. f3 0-0 6. Be3 Nbd7 7. Qd2 c5 8. Nge2 a6 9. Rd1 Qa5 10. Nc1 cxd4 11. Bxd4 Ne5 12. Nb3 Qb4 13. Qc2 Nc6 14. Be3 Na5 15. Nd2 Nc6 16. a3 Qa5 17. Nb3 Qh5 18. Be2 Be6 19. Nd5 Rac8 20. Nf4 Qe5 21. Nd3 Qh5 22. Nf4 Qe5 23. Nd3 Qh5 24. Nf4 1/2-1/2

[Event "SRB-chT 1st League"]
[Site "Kragujevac"]
[Date "2009.09.02"]
[Round "2"]
[White "Jeremic, Veljko"]
[Black "Grujic, Zoran"]
[Result "1/2-1/2"]
[WhiteElo "2494"]
[BlackElo "2347"]
[PlyCount "87"]
[EventDate "2009.09.01"]
[EventType "team-tourn"]
[EventRounds "11"]
[EventCountry "YUG"]
[SourceTitle "CBM 132 Extra"]
[Source "ChessBase"]
[SourceDate "2009.11.03"]
[SourceVersion "1"]
[SourceVersionDate "2009.11.03"]
[SourceQuality "1"]

1. d4 Nf6 2. c4 g6 3. Nc3 Bg7 4. e4 d6 5. Be2 0-0 6. Bg5 c5 7. d5 h6 8. Bf4 e6 9. Qd2 exd5 10. exd5 Kh7 11. Bd3 Nh5 12. Be3 Qe7 13. Nge2 Nd7 14. f4 Re8 15. Bf2 Bxc3 16. bxc3 Ndf6 17. 0-0 Ne4 18. Qc2 Nxf2 19. Rxf2 f5 20. g4 Ng7 21. Ng3 Qf6 22. gxf5 Bxf5 23. Nxf5 Nxf5 24. Qd2 Re7 25. Re1 Rae8 26. Rfe2 Rxe2 27. Rxe2 Nh4 28. Kf2 Rxe2+ 29. Kxe2 Kg7 30. Be4 g5 31. fxg5 hxg5 32. Qb2 b6 33. Qb5 Qe7 34. Kd3 Ng6 35. Bxg6 Kxg6 36. Qc6 Qe5 37. Qa8 Qf5+ 38. Kd2 Qf4+ 39. Kd3 Qf5+ 40. Kd2 Qf7 41. Qb8 Qe7 42. Qg8+ Kf5 43. Qc8+ Kf6 44. Qh8+ 1/2-1/2